Biblioteki Polonii Amerykańskiej
Biblioteka Instytutu Józefa Piłsudskiego w Ameryce
Library of the Józef Piłsudski Institute of America
Biblioteka imienia Alfreda Jurzykowskiego Polskiego Instytutu Naukowego w Ameryce
The Alfred Jurzykowski Memorial Library of the Polish Institute of Arts & Sciences of America
Biblioteka Marjanczyków Polskiej Fundacji Kulturalnej
The Marjanczyk Library of the Polish Cultural Foundation

Biblioteka Fundacji Kościuszkowskiej
Library of the Kosciuszko Foundation

Odysei wolności ciąg dalszy : (Record no. 91112)

MARC details
000 -LEADER
fixed length control field 02451nam a2200637 i 4500
001 - CONTROL NUMBER
control field 991053158446505066
003 - CONTROL NUMBER IDENTIFIER
control field NyNyJPI
005 - DATE AND TIME OF LATEST TRANSACTION
control field 20260413195207.0
008 - FIXED-LENGTH DATA ELEMENTS--GENERAL INFORMATION
fixed length control field 251024s2025 pl bcho |001 0 pol c
009 - PHYSICAL DESCRIPTION FIXED-FIELD FOR ARCHIVAL COLLECTION (VM) [OBSOLETE]
fixed length control field b1000007500469
015 ## - NATIONAL BIBLIOGRAPHY NUMBER
National bibliography number UWD 2025/37005
020 ## - INTERNATIONAL STANDARD BOOK NUMBER
International Standard Book Number 9788383764870
Qualifying information (oprawa miękka) :
Terms of availability zł 40
035 ## - SYSTEM CONTROL NUMBER
System control number (PL)b1000007500469
035 ## - SYSTEM CONTROL NUMBER
System control number (EXLNZ-48OMNIS_NETWORK)9915198796605606
040 ## - CATALOGING SOURCE
Original cataloging agency WA N
Transcribing agency WA N
Modifying agency WA N
-- Ł M
-- KR U
-- LUBL KUL
-- GD U
045 2# - TIME PERIOD OF CONTENT
Formatted 9999 B.C. through C.E. time period d1945
-- d1991
046 ## - SPECIAL CODED DATES
Beginning or single date created 2025
080 ## - UNIVERSAL DECIMAL CLASSIFICATION NUMBER
Field link and sequence number 1.1\x
Universal Decimal Classification number 94(438).083
080 ## - UNIVERSAL DECIMAL CLASSIFICATION NUMBER
Field link and sequence number 1.2\x
Universal Decimal Classification number 94(438).084
080 ## - UNIVERSAL DECIMAL CLASSIFICATION NUMBER
Field link and sequence number 1.3\x
Universal Decimal Classification number 314.15-026.49(=162.1)
080 ## - UNIVERSAL DECIMAL CLASSIFICATION NUMBER
Field link and sequence number 1.4\x
Universal Decimal Classification number 314.151.5(=162.1)
084 ## - OTHER CLASSIFICATION NUMBER
Classification number 02
100 1# - MAIN ENTRY--PERSONAL NAME
Personal name Wierzbicki, Marek
Dates associated with a name (1964- )
Relator term Autor
245 10 - TITLE STATEMENT
Title Odysei wolności ciąg dalszy :
Remainder of title losy żołnierzy Polskich Sił Zbrojnych na Zachodzie oraz polskich uchodźców cywilnych po II wojnie światowej /
Statement of responsibility, etc. Marek Wierzbicki ; Instytut Pamięci Narodowej - Komisja Ścigania Zbrodni Przeciwko Narodowi Polskiemu.
246 30 - VARYING FORM OF TITLE
Title proper/short title Losy żołnierzy Polskich Sił Zbrojnych na Zachodzie oraz polskich uchodźców cywilnych po II wojnie światowej
260 ## - PUBLICATION, DISTRIBUTION, ETC.
Place of publication, distribution, etc. Warszawa :
Name of publisher, distributor, etc. Instytut Pamięci Narodowej,
Date of publication, distribution, etc. 2025.
300 ## - PHYSICAL DESCRIPTION
Extent 278, [1] strona :
Other physical details faksymile, fotografie, mapy, portrety ;
Dimensions 21 cm.
336 ## - CONTENT TYPE
Content type term Tekst
Content type code txt
Source rdacontent
337 ## - MEDIA TYPE
Media type term Bez urządzenia pośredniczącego
Media type code n
Source rdamedia
338 ## - CARRIER TYPE
Carrier type term Wolumin
Carrier type code nc
Source rdacarrier
380 ## - FORM OF WORK
Form of work Książki
380 ## - FORM OF WORK
Form of work Publikacje popularnonaukowe
388 1# - TIME PERIOD OF CREATION
Time period of creation term 2001-
490 1# - SERIES STATEMENT
Series statement Biblioteczka Szlaków Nadziei
490 1# - SERIES STATEMENT
Series statement Szlaki Nadziei - Odyseja Wolności
504 ## - BIBLIOGRAPHY, ETC. NOTE
Bibliography, etc. note Bibliografia, netografia na stronach 251-257. Indeksy.
530 ## - ADDITIONAL PHYSICAL FORM AVAILABLE NOTE
Additional physical form available note Książka dostępna także jako e-book.
610 27 - SUBJECT ADDED ENTRY--CORPORATE NAME
Corporate name or jurisdiction name as entry element Polskie Siły Zbrojne na Zachodzie
Source of heading or term DBN
648 #7 - SUBJECT ADDED ENTRY--CHRONOLOGICAL TERM
Chronological term 1901-2000
Source of heading or term DBN
648 #7 - SUBJECT ADDED ENTRY--CHRONOLOGICAL TERM
Chronological term 1945-1989
Source of heading or term DBN
648 #7 - SUBJECT ADDED ENTRY--CHRONOLOGICAL TERM
Chronological term 1989-2000
Source of heading or term DBN
650 #7 - SUBJECT ADDED ENTRY--TOPICAL TERM
Topical term or geographic name entry element Demobilizacja (wojsko)
Source of heading or term DBN
650 #7 - SUBJECT ADDED ENTRY--TOPICAL TERM
Topical term or geographic name entry element Działacze polonijni
Source of heading or term DBN
650 #7 - SUBJECT ADDED ENTRY--TOPICAL TERM
Topical term or geographic name entry element Kombatanci
Source of heading or term DBN
650 #7 - SUBJECT ADDED ENTRY--TOPICAL TERM
Topical term or geographic name entry element Polacy za granicą
Source of heading or term DBN
650 #7 - SUBJECT ADDED ENTRY--TOPICAL TERM
Topical term or geographic name entry element Prześladowania polityczne
Source of heading or term DBN
650 #7 - SUBJECT ADDED ENTRY--TOPICAL TERM
Topical term or geographic name entry element Repatriacja
Source of heading or term DBN
651 #7 - SUBJECT ADDED ENTRY--GEOGRAPHIC NAME
Geographic name Europa Zachodnia
Source of heading or term DBN
651 #7 - SUBJECT ADDED ENTRY--GEOGRAPHIC NAME
Geographic name Polska
Source of heading or term DBN
655 #7 - INDEX TERM--GENRE/FORM
Genre/form data or focus term Opracowanie
Source of term DBN
658 ## - INDEX TERM--CURRICULUM OBJECTIVE
Main curriculum objective Historia
710 2# - ADDED ENTRY--CORPORATE NAME
Corporate name or jurisdiction name as entry element Instytut Pamięci Narodowej
Relator term Instytucja sprawcza
-- Wydawca
Relationship pbl
830 #0 - SERIES ADDED ENTRY--UNIFORM TITLE
Uniform title Biblioteczka Szlaków Nadziei
830 #0 - SERIES ADDED ENTRY--UNIFORM TITLE
Uniform title Szlaki Nadziei - Odyseja Wolności
942 ## - ADDED ENTRY ELEMENTS (KOHA)
Source of classification or shelving scheme Other/Generic Classification Scheme
Koha item type Books
Suppress in OPAC No
Holdings
Withdrawn status Lost status Source of classification or shelving scheme Damaged status Not for loan Home library Current library Date acquired Total checkouts Full call number Date last seen Price effective from Koha item type
    Other/Generic Classification Scheme   Not for loan Józef Piłsudski Institute Józef Piłsudski Institute 04/13/2026   K 1849 04/13/2026 04/13/2026 Books